000 00819nas1a22002291i 4500
001 RU\NLR\Per\900724
005 20241105144654.0
035 _a(NLR Aleph) 003159211
090 _a3085855
_c3085855
100 _a20121113a200 9999|||y0rusy50 ca
101 0 _arus
102 _aRU
110 _azh|||||||||
200 1 _aГатчинский журнал
_eпервый информационно-развлекательный журнал в Гатчине
210 _aГатчина
_c[б. и.]
_d2012 -
607 _aГатчина, город (Ленинградская область)
_jПериодические издания
_91402227
_3RU\NLR\AUTH\66277899
686 1 _aТ3(2Р-4Ле-2Г)74я54
852 _aNLR
_jП23/8558
942 _cSE
980 _aRUSPER